Quiz Harry Potter fr - Statistiques

Statistiques générales
  • Ce quiz a été pris 434 fois
  • Le résultat moyen est 14 sur 15
Statistiques - réponses
Prénoms Réponses % Correct
Harry Potter
100%
Sirius Black
99%
Ron Weasley
99%
Tom Jedusor
98%
Bellatrix Lestrange
98%
Luna Lovegood
98%
Fleur Delacour
97%
Albus Dumbledore
97%
Neville Londubat
97%
Dudley Dursley
96%
Drago Malefoy
96%
Cho Chang
95%
Minerva Mcgonagall
94%
Rowena Serdaigle
94%
Filius Flitwick
89%
Aucun quiz correspondant
Distribution des résultats
% des personnes avec chaque résultat
Percentile par nombre de réponses
Votre historique - résultats
Vous n’avez pas pris ce quiz